| 000 | 01069cab a2200265 4500 | ||
|---|---|---|---|
| 001 | ABS57359 | ||
| 008 | 090401t1997 xxu||||| |||| 00| 0 eng d | ||
| 035 | _a(Sirsi) u79882 | ||
| 041 | _aeng | ||
| 100 | _aWoods, C. | ||
| 245 | 4 | _aThe effect of environmental assessment on UK local planning authority decisions | |
| 260 | _c1997 | ||
| 350 | _a0 | ||
| 490 |
_aUrban Studies _v34(8) 1997, 1237-1257(21) |
||
| 520 | _aAssesses the extent to which environmental assessment has influenced local planning authority decisions. Reports on a study of forty cases, finding that EA appears to have had a gradual rather than revolutionary effect on decision-making. Considers the main benefits experienced, warning that these are not happening in all cases. | ||
| 650 | _aENVIRONMENTAL ASSESSMENT | ||
| 650 | _aENVIRONMENTAL IMPACT ASSESSMENTS | ||
| 650 | _aENVIRONMENTAL STATEMENTS | ||
| 650 | _aLOCAL PLANNING AUTHORITIES | ||
| 650 | _aPLANNING DECISIONS | ||
| 690 | _aPLANNING LAW AND PRACTICE | ||
| 700 | _aJones, C.E. | ||
| 942 | _n0 | ||
| 948 | _c24/07/1997 | ||
| 999 |
_c50271 _d50271 |
||